[Event "RUS-ch U18"]
[Site "Rybinsk"]
[Date "2001.??.??"]
[Round "10"]
[White "Kerzhner, Stanislav"]
[Black "Vitik, Vjacheslav"]
[Result "1/2-1/2"]
[WhiteElo "2212"]
[BlackElo "2181"]
[PlyCount "77"]
[EventDate "2001.02.??"]
[EventType "swiss"]
[EventRounds "10"]
[EventCountry "RUS"]
[SourceTitle "EXT 2002"]
[Source "ChessBase"]
[SourceDate "2001.11.25"]
[SourceVersion "1"]
[SourceVersionDate "2001.11.25"]
[SourceQuality "1"]

1. d4 Nf6 2. c4 g6 3. Nc3 Bg7 4. e4 d6 5. Nf3 0-0 6. h3 c5 7. d5 e6 8. Bd3 exd5 9. exd5 Re8+ 10. Be3 Na6 11. 0-0 Nc7 12. Bg5 h6 13. Bh4 a6 14. a4 b6 15. Qd2 g5 16. Bg3 Nh5 17. Bh2 f5 18. Qc2 Rf8 19. Rae1 Kh8 20. Nd2 Rf7 21. g4 Nf4 22. Bxf4 gxf4 23. Bxf5 Bxf5 24. gxf5 Qh4 25. Qd3 Bd4 26. Nce4 Rxf5 27. Kh2 Rh5 28. Qf3 Rg8 29. Rg1 Rg3 30. Rxg3 fxg3+ 31. Nxg3 Qxh3+ 32. Kg1 Rg5 33. Ndf1 Be5 34. Rxe5 dxe5 35. d6 Ne8 36. Qf8+ Rg8 37. Qe7 Ng7 38. d7 Ne6 39. Qf6+ 1/2-1/2

[Event "RUS-ch U18"]
[Site "Rybinsk"]
[Date "2001.??.??"]
[Round "7"]
[White "Torbin, Kirill"]
[Black "Kerzhner, Stanislav"]
[Result "1-0"]
[WhiteElo "2285"]
[BlackElo "2212"]
[PlyCount "113"]
[EventDate "2001.02.??"]
[EventType "swiss"]
[EventRounds "10"]
[EventCountry "RUS"]
[SourceTitle "EXT 2002"]
[Source "ChessBase"]
[SourceDate "2001.11.25"]
[SourceVersion "1"]
[SourceVersionDate "2001.11.25"]
[SourceQuality "1"]

1. d4 Nf6 2. Nf3 g6 3. c4 Bg7 4. g3 0-0 5. Bg2 d6 6. 0-0 c5 7. Nc3 Nc6 8. d5 Na5 9. Nd2 a6 10. Qc2 Rb8 11. b3 b5 12. Bb2 bxc4 13. bxc4 Bh6 14. f4 e5 15. Rae1 exf4 16. gxf4 Nh5 17. e3 Bg7 18. Nd1 Bxb2 19. Nxb2 Bf5 20. Be4 Qf6 21. Nd3 Rfe8 22. Bxf5 Qxf5 23. Rf2 Re7 24. Qc3 Rbe8 25. e4 Qg4+ 26. Kh1 Nb7 27. Rg1 Qh3 28. Rf3 Qh4 29. e5 f5 30. e6 Nd8 31. Re3 Nxf4 32. Nxf4 Qxf4 33. Rf3 Qh4 34. Rxf5 Nxe6 35. dxe6 Rxe6 36. Rd5 Re3 37. Rd3 Re2 38. Rh3 Qd4 39. Qxd4 cxd4 40. Rd3 R8e3 41. Rg3 Re1+ 42. Kg2 R3e2+ 43. Kf3 Rxh2 44. Rxd4 Ra1 45. Rxd6 Rxa2 46. Ne4 Kf7 47. Kf4 Ke7 48. Ke5 Rh5+ 49. Kd4 Rh4 50. Rb6 a5 51. Rb7+ Kd8 52. Rf3 Rd2+ 53. Ke5 Rd7 54. Rf8+ Ke7 55. Rf7+ Kxf7 56. Rxd7+ Kf8 57. c5 1-0

[Event "RUS-ch Schools"]
[Site "Novokuznetsk"]
[Date "2001.??.??"]
[Round "5"]
[White "Zarezenko, Ilya"]
[Black "Kerzhner, Stanislav"]
[Result "0-1"]
[WhiteElo "2241"]
[BlackElo "2248"]
[PlyCount "48"]
[EventDate "2001.10.??"]
[EventType "swiss"]
[EventRounds "9"]
[EventCountry "RUS"]
[SourceTitle "CBM 085 Extra"]
[Source "ChessBase"]
[SourceDate "2002.01.21"]
[SourceVersion "1"]
[SourceVersionDate "2002.01.21"]
[SourceQuality "1"]

1. e4 e6 2. d4 d5 3. Nc3 Nf6 4. e5 Nfd7 5. f4 c5 6. Nf3 a6 7. Be3 Qb6 8. a3 Nc6 9. Na4 Qa5+ 10. c3 cxd4 11. b4 Qc7 12. cxd4 b5 13. Nc5 Nb6 14. Kf2 Be7 15. Bd3 Nc4 16. Qc2 a5 17. Qc3 0-0 18. g4 f6 19. Ke2 fxe5 20. fxe5 Bxc5 21. bxc5 b4 22. Qc2 Nxe3 23. Bxh7+ Kh8 24. Qg6 Ng2 0-1